00510nam a2200157 a 450000500170000000800410001702000180005805000220007610000240009824500990012226000390022130000230026044000320028365000150031565000220033020140414131847.0970101s19uu xx 00 eng d a0-395-45989-3 aM 398.2bH99 1989 aHyman, Trina Schart aLittle Red Ridinghood :bby the Brothers Grimm /cretold and illustrated by Trina Chart Hyman. aBoston :bHoughton Mifflin,c1989. a32 p. : ill. ; cm. aHoughton Mifflin Literature aFolktales. aChildren stories.